| 000 | 00715nam a2200229Ia 4500 | ||
|---|---|---|---|
| 003 | OSt | ||
| 005 | 20220918201028.0 | ||
| 006 | a|||||r|||| 00| 0 | ||
| 007 | ta | ||
| 008 | 220917b |||||||| |||| 00| 0 eng d | ||
| 024 | _a91,302 | ||
| 037 | _cTextual | ||
| 040 |
_aARTS _cARTS _beng |
||
| 041 |
_2eng _aeng |
||
| 082 | _aU8:911:K78, H9 | ||
| 100 |
_aFoster William Ed _918751 |
||
| 245 | 0 | _aRed sea and adjacent countries at the close of the seventeen century as described by Joseph Pitts, William Daniel and Charles Jacques Poncet Ser II.V.C. | |
| 260 |
_aNA _bNA _c1949 |
||
| 650 | _aGEOGRAPHY | ||
| 942 |
_hU8:911:K78, H9 _cTEXL _2CC |
||
| 999 |
_c214961 _d214961 |
||